00378nam a2200145Ia 4500008004100000020001500041041001200056082001600068100001400084245006700098260002900165300000800194650001600202700001400218221030s9999 xx 000 0 und d a8170299373 aEnglish a105.23bShi aY. Shiran 0aLearn Advanced Javascript Programmingcby Y. Shiran, T. Shiran bBPB PubaNew Delhic1993 a893 aBE Computer aT. Shiran